000 00440nam a22001697a 4500
003 NUST - PNEC
005 20170116181029.0
008 150912b xxu||||| |||| 00| 0 eng d
020 _a067248420X
040 _cLIBRARY
082 _a005.133 KOC
100 _99341
_a Kochan, Stephen G.
245 _aProgramming in C
_cStephen G. Kochan
260 _cc.1988
650 _99343
_aC (Computer program language)
_xMS COMM
942 _2ddc
_cBK
999 _c67660
_d67660